[Event "CZE-chT2A 2223"]
[Site "Czech Republic"]
[Date "2023.01.08"]
[Round "6.5"]
[White "Trmal, Jaroslav"]
[Black "Sott, Pavel"]
[Result "1/2-1/2"]
[WhiteElo "2077"]
[BlackElo "2170"]
[PlyCount "34"]
[EventDate "2022.10.16"]
[EventType "team-tourn"]
[EventRounds "11"]
[EventCountry "CZE"]
[SourceTitle "EXT 2024"]
[Source "ChessBase"]
[SourceDate "2023.10.10"]
[SourceVersion "1"]
[SourceVersionDate "2023.10.10"]
[SourceQuality "1"]
[WhiteTeam "Pribram"]
[BlackTeam "Line II"]
[WhiteTeamCountry "CZE"]
[BlackTeamCountry "CZE"]

1. d4 Nf6 2. Nf3 c5 3. d5 e6 4. Nc3 exd5 5. Nxd5 Nxd5 6. Qxd5 d6 7. Bg5 Qb6 8. Qb3 Qxb3 9. axb3 d5 10. e3 Be7 11. 0-0-0 Be6 12. c4 dxc4 13. Bxc4 Bxc4 14. bxc4 Nc6 15. Kc2 Bxg5 16. Nxg5 Ke7 17. Rd2 Rhd8 1/2-1/2

[Event "CZE-chT2A 1920"]
[Site "Czech Republic"]
[Date "2020.06.27"]
[Round "10.4"]
[White "Novak, Vaclav2222"]
[Black "Trmal, Jaroslav"]
[Result "0-1"]
[WhiteElo "1938"]
[BlackElo "2130"]
[PlyCount "76"]
[EventDate "2019.10.13"]
[EventType "team-tourn"]
[EventRounds "11"]
[EventCountry "CZE"]
[SourceTitle "EXT 2024"]
[Source "ChessBase"]
[SourceDate "2023.10.10"]
[SourceVersion "1"]
[SourceVersionDate "2023.10.10"]
[SourceQuality "1"]
[WhiteTeam "Strakonice"]
[BlackTeam "Pribram Banik"]
[WhiteTeamCountry "CZE"]
[BlackTeamCountry "CZE"]

1. e4 e5 2. Nf3 Nc6 3. Bc4 Bc5 4. Nc3 Nf6 5. 0-0 d6 6. h3 Be6 7. Bxe6 fxe6 8. d3 0-0 9. Na4 Bb6 10. Nxb6 axb6 11. Bg5 Qe8 12. Bxf6 Rxf6 13. a3 Qg6 14. Nh2 Raf8 15. f3 Qf7 16. c3 Ne7 17. Rf2 h5 18. Qd2 Ng6 19. Raf1 c5 20. d4 d5 21. dxe5 Nxe5 22. exd5 exd5 23. Re1 Ng6 24. Rfe2 Nf4 25. Re7 Qg6 26. Kh1 R8f7 27. Rxf7 Rxf7 28. Nf1 Kh7 29. Ne3 Re7 30. Nc2 Rxe1+ 31. Nxe1 Qf5 32. Kg1 Kg6 33. Kf2 h4 34. b4 Qg5 35. Qe3 Kf6 36. Qe8 Qe5 37. Qd8+ Kf7 38. Qxh4 Qxe1+ 0-1

[Event "CZE-chT2A 1920"]
[Site "Czech Republic"]
[Date "2019.11.17"]
[Round "3.3"]
[White "Trmal, Jaroslav"]
[Black "Borkovec, Milan"]
[Result "0-1"]
[WhiteElo "2130"]
[BlackElo "2209"]
[PlyCount "88"]
[EventDate "2019.10.13"]
[EventType "team-tourn"]
[EventRounds "11"]
[EventCountry "CZE"]
[SourceTitle "EXT 2024"]
[Source "ChessBase"]
[SourceDate "2023.10.10"]
[SourceVersion "1"]
[SourceVersionDate "2023.10.10"]
[SourceQuality "1"]
[WhiteTeam "Pribram Banik"]
[BlackTeam "Tabor"]
[WhiteTeamCountry "CZE"]
[BlackTeamCountry "CZE"]

1. d4 Nf6 2. Nf3 g6 3. c4 c5 4. d5 Bg7 5. Nc3 d6 6. e4 0-0 7. Be2 e6 8. 0-0 exd5 9. cxd5 Bg4 10. Nd2 Bxe2 11. Qxe2 Nbd7 12. a4 Re8 13. f3 Nh5 14. g3 f5 15. Nc4 Bd4+ 16. Kg2 Ne5 17. exf5 gxf5 18. Nxe5 Rxe5 19. Qd3 Qf6 20. Bd2 Rae8 21. Rae1 Qg6 22. Qb5 Nf4+ 23. Kh1 Rxe1 24. Rxe1 Rxe1+ 25. Bxe1 Qh5 26. Qf1 Bxc3 27. bxc3 Nxd5 28. Qd3 Ne7 29. Kg2 Qg6 30. Bf2 Qe6 31. Qb5 Qc8 32. Qc4+ Kg7 33. h4 Nc6 34. h5 Ne5 35. Qf4 Qe6 36. Qg5+ Kf7 37. Be3 Nc4 38. Bf2 Qf6 39. Qc1 Qe5 40. Qg5 Qf6 41. Qf4 Ne5 42. a5 Qe6 43. g4 Nd3 44. Qg5 fxg4 0-1

[Event "CZE-chT2A 1819"]
[Site "Czech Republic"]
[Date "2019.02.10"]
[Round "8.2"]
[White "Trmal, Jaroslav"]
[Black "Dubansky, Bohuslav"]
[Result "1-0"]
[WhiteElo "2169"]
[BlackElo "2244"]
[PlyCount "25"]
[EventDate "2018.10.14"]
[EventType "team-tourn"]
[EventRounds "11"]
[EventCountry "CZE"]
[SourceTitle "EXT 2022"]
[Source "ChessBase"]
[SourceDate "2021.10.06"]
[SourceVersion "1"]
[SourceVersionDate "2021.10.06"]
[SourceQuality "1"]
[WhiteTeam "Pribram Banik"]
[BlackTeam "Praha Bohemians"]
[WhiteTeamCountry "CZE"]
[BlackTeamCountry "CZE"]

1. d4 d5 2. c4 e6 3. Nc3 c5 4. cxd5 exd5 5. dxc5 d4 6. Ne4 Bf5 7. Ng3 Bg6 8. e4 Bxc5 9. Nf3 Nc6 10. a3 a5 11. Bd3 Nge7 12. 0-0 0-0 13. Kh1 1-0

[Event "CZE-chT2A 1819"]
[Site "Czech Republic"]
[Date "2019.01.27"]
[Round "7.3"]
[White "Jacek, Martin"]
[Black "Trmal, Jaroslav"]
[Result "1/2-1/2"]
[WhiteElo "2142"]
[BlackElo "2169"]
[PlyCount "146"]
[EventDate "2018.10.14"]
[EventType "team-tourn"]
[EventRounds "11"]
[EventCountry "CZE"]
[SourceTitle "EXT 2022"]
[Source "ChessBase"]
[SourceDate "2021.10.06"]
[SourceVersion "1"]
[SourceVersionDate "2021.10.06"]
[SourceQuality "1"]
[WhiteTeam "Vysehrad II"]
[BlackTeam "Pribram Banik"]
[WhiteTeamCountry "CZE"]
[BlackTeamCountry "CZE"]

1. e4 e5 2. Nf3 Nc6 3. Nc3 Nf6 4. Bb5 Bb4 5. Bxc6 bxc6 6. 0-0 d6 7. d4 exd4 8. Qxd4 Bc5 9. Qd3 0-0 10. Na4 Nd7 11. Rd1 Qf6 12. Bg5 Qe6 13. c4 Ba6 14. b3 Rae8 15. Re1 Bb4 16. Bd2 Nc5 17. Nxc5 Bxc5 18. Bc3 Bc8 19. b4 Bb6 20. Bb2 c5 21. b5 Bb7 22. Nd2 Ba5 23. Re3 Bxd2 24. Qxd2 Qxc4 25. Qa5 Rxe4 26. Rg3 f6 27. Qxc7 Qf7 28. Qxd6 Qxa2 29. Qd2 Qe6 30. h3 Qb6 31. Rd1 Re7 32. Ba3 Rc8 33. Qf4 Qe6 34. Rd6 Qe5 35. Qc4+ Kh8 36. Qd3 h6 37. Rd7 Rxd7 38. Qxd7 Rc7 39. Qd8+ Kh7 40. Bb2 Qe1+ 41. Kh2 Qe7 42. Bxf6 Qxd8 43. Bxd8 Rd7 44. Ba5 c4 45. Bc3 Be4 46. Rg4 Bd3 47. Kg3 Rb7 48. h4 h5 49. Rg5 Bg6 50. Rc5 Be8 51. Rxc4 Bxb5 52. Re4 Bd3 53. Re5 Bg6 54. Bd4 Rd7 55. Be3 Rf7 56. Ra5 Rf5 57. Rxa7 Rf7 58. Ra8 Rf5 59. f3 Rf7 60. Rd8 Rf5 61. Bd4 Rf7 62. Be5 Rf5 63. Rd5 Rf7 64. Rc5 Rf5 65. Kf2 Rf7 66. Ke3 Re7 67. g4 Be8 68. Kf4 Rf7+ 69. Kg3 Rb7 70. Bc7 hxg4 71. fxg4 Rb3+ 72. Kf4 Rb4+ 73. Kg5 Rb5 1/2-1/2

[Event "CZE-chT2A 1819"]
[Site "Czech Republic"]
[Date "2019.01.13"]
[Round "6.3"]
[White "Trmal, Jaroslav"]
[Black "Horak, Martin"]
[Result "0-1"]
[WhiteElo "2169"]
[BlackElo "2232"]
[PlyCount "53"]
[EventDate "2018.10.14"]
[EventType "team-tourn"]
[EventRounds "11"]
[EventCountry "CZE"]
[SourceTitle "EXT 2022"]
[Source "ChessBase"]
[SourceDate "2021.10.06"]
[SourceVersion "1"]
[SourceVersionDate "2021.10.06"]
[SourceQuality "1"]
[WhiteTeam "Pribram Banik"]
[BlackTeam "Vlasim"]
[WhiteTeamCountry "CZE"]
[BlackTeamCountry "CZE"]

1. d4 Nf6 2. c4 g6 3. Nc3 d5 4. cxd5 Nxd5 5. e4 Nxc3 6. bxc3 c5 7. Nf3 Bg7 8. Be2 0-0 9. 0-0 Nc6 10. Be3 Qc7 11. Rc1 Rd8 12. d5 Na5 13. c4 b6 14. h3 e5 15. Bd2 Nb7 16. Bc3 Re8 17. Nd2 Nd6 18. Qc2 f5 19. exf5 Bxf5 20. Qb2 Bh6 21. Rce1 e4 22. Bg4 Bxg4 23. hxg4 Qd7 24. f3 e3 25. Nb1 Nxc4 26. Qe2 Qxd5 27. Rd1 0-1

[Event "CZE-chT2B 1415"]
[Site "Czech Republic"]
[Date "2015.03.29"]
[Round "10.4"]
[White "Svab, Jan"]
[Black "Trmal, Jaroslav"]
[Result "1/2-1/2"]
[WhiteElo "2042"]
[BlackElo "2206"]
[PlyCount "21"]
[EventDate "2014.11.02"]
[EventType "team-tourn"]
[EventRounds "11"]
[EventCountry "CZE"]
[SourceTitle "EXT 2022"]
[Source "ChessBase"]
[SourceDate "2021.10.06"]
[SourceVersion "1"]
[SourceVersionDate "2021.10.06"]
[SourceQuality "1"]
[WhiteTeam "Most Chess"]
[BlackTeam "Neratovice"]
[WhiteTeamCountry "CZE"]
[BlackTeamCountry "CZE"]

1. e4 e5 2. Bc4 Nf6 3. Qe2 Nc6 4. Nf3 Be7 5. c3 d6 6. Bb3 Be6 7. Bc2 h6 8. d3 Nd7 9. Nbd2 Bf6 10. h3 Ne7 11. Nf1 1/2-1/2

[Event "Rakovnik Regional-chT 1415"]
[Site "Rakovnik"]
[Date "2015.02.01"]
[Round "7.3"]
[White "Lochman, Vaclav"]
[Black "Trmal, Jaroslav"]
[Result "0-1"]
[WhiteElo "2006"]
[BlackElo "2206"]
[PlyCount "58"]
[EventDate "2014.10.19"]
[EventType "team-tourn"]
[EventRounds "11"]
[EventCountry "CZE"]
[SourceTitle "EXT 2016"]
[Source "ChessBase"]
[SourceDate "2015.10.08"]
[SourceVersion "1"]
[SourceVersionDate "2015.10.08"]
[SourceQuality "1"]
[WhiteTeam "Dobrovice"]
[BlackTeam "Pribram Pyrit"]
[WhiteTeamCountry "CZE"]
[BlackTeamCountry "CZE"]

1. e4 e5 2. Nf3 Nc6 3. Bc4 Bc5 4. c3 Nf6 5. d3 d6 6. Bb3 Bb6 7. Nbd2 Be6 8. Bc2 h6 9. 0-0 0-0 10. Re1 Ne7 11. Nf1 Ng6 12. Ng3 Qd7 13. d4 Rad8 14. h3 Qc8 15. Be3 Rfe8 16. Qd2 Nh7 17. Rad1 f6 18. Bb1 c6 19. Nh2 Ng5 20. f4 exf4 21. Bxf4 Nxf4 22. Qxf4 Bxh3 23. Nh5 Rf8 24. Re3 Be6 25. Nf3 Bg4 26. Qh2 Bc7 27. Nf4 d5 28. exd5 Qb8 29. Re7 Bxf4 0-1

[Event "CZE-chT2B 1213"]
[Site "Czech Republic"]
[Date "2013.02.03"]
[Round "8.4"]
[White "Trmal, Jaroslav"]
[Black "Vales, Vaclav"]
[Result "1-0"]
[WhiteElo "2193"]
[BlackElo "2180"]
[PlyCount "85"]
[EventDate "2012.10.14"]
[EventType "team-tourn"]
[EventRounds "11"]
[EventCountry "CZE"]
[SourceTitle "EXT 2015"]
[Source "ChessBase"]
[SourceDate "2014.11.20"]
[SourceVersion "1"]
[SourceVersionDate "2014.11.20"]
[SourceQuality "1"]
[WhiteTeam "Neratovice"]
[BlackTeam "Decin"]
[WhiteTeamCountry "CZE"]
[BlackTeamCountry "CZE"]

1. d4 d5 2. c4 c6 3. Nf3 Nf6 4. Nc3 e6 5. e3 Nbd7 6. Bd3 Bb4 7. 0-0 0-0 8. Qc2 Re8 9. a3 Ba5 10. Rd1 h6 11. b4 Bc7 12. Bb2 dxc4 13. Bxc4 Qe7 14. Ne4 Nd5 15. Ba2 Nf8 16. Rac1 Bd7 17. Nc5 Reb8 18. Re1 a5 19. b5 Be8 20. e4 Nb6 21. bxc6 bxc6 22. Rb1 Nbd7 23. Nxd7 Nxd7 24. d5 Qc5 25. Qd3 cxd5 26. exd5 Qd6 27. Qc3 e5 28. Nd2 Qc5 29. Qd3 Qf8 30. Nc4 Nc5 31. Qe3 Nd7 32. Nxe5 Bxe5 33. Bxe5 Rxb1 34. Bxb1 Nxe5 35. Qxe5 Qxa3 36. Qxe8+ Qf8 37. Qxf8+ Kxf8 38. Kf1 Ra7 39. Ba2 Rb7 40. d6 Rd7 41. Rd1 Ke8 42. Bb3 Kd8 43. Ba4 1-0

[Event "CZE-chT2B 1213"]
[Site "Czech Republic"]
[Date "2012.11.18"]
[Round "3.6"]
[White "Trmal, Jaroslav"]
[Black "Zahorbensky, Jaroslav"]
[Result "1/2-1/2"]
[WhiteElo "2193"]
[BlackElo "2150"]
[PlyCount "61"]
[EventDate "2012.10.14"]
[EventType "team-tourn"]
[EventRounds "11"]
[EventCountry "CZE"]
[SourceTitle "EXT 2015"]
[Source "ChessBase"]
[SourceDate "2014.11.20"]
[SourceVersion "1"]
[SourceVersionDate "2014.11.20"]
[SourceQuality "1"]
[WhiteTeam "Neratovice"]
[BlackTeam "Mlada Boleslav"]
[WhiteTeamCountry "CZE"]
[BlackTeamCountry "CZE"]

1. d4 Nf6 2. c4 e6 3. Nf3 Bb4+ 4. Nbd2 c5 5. a3 Bxd2+ 6. Bxd2 cxd4 7. Nxd4 Nc6 8. e3 0-0 9. Be2 d5 10. Bc3 Ne4 11. Rc1 Nxc3 12. Rxc3 e5 13. Nxc6 bxc6 14. cxd5 cxd5 15. 0-0 Be6 16. b4 Qb6 17. Qc2 g6 18. Rd1 Rac8 19. h4 Rfd8 20. h5 Kg7 21. Rxc8 Rxc8 22. Qd2 Rd8 23. a4 Rd7 24. a5 Qd8 25. hxg6 hxg6 26. Bb5 Rd6 27. f4 f6 28. fxe5 fxe5 29. Qc3 d4 30. Qc5 Qg5 31. Qxd6 1/2-1/2

[Event "CZE-chT2A 0809"]
[Site "Czech Republic"]
[Date "2009.04.05"]
[Round "11.1"]
[White "Cifka, Stanislav"]
[Black "Trmal, Jaroslav"]
[Result "1-0"]
[WhiteElo "2439"]
[BlackElo "2286"]
[PlyCount "133"]
[EventDate "2008.10.12"]
[EventType "team-tourn"]
[EventRounds "11"]
[EventCountry "CZE"]
[SourceTitle "EXT 2010"]
[Source "ChessBase"]
[SourceDate "2010.11.25"]
[SourceVersion "1"]
[SourceVersionDate "2010.11.25"]
[SourceQuality "1"]
[WhiteTeam "Ceske Budejovice"]
[BlackTeam "Pribram Pyrit"]
[WhiteTeamCountry "CZE"]
[BlackTeamCountry "CZE"]

1. d4 d5 2. c4 e6 3. Nc3 Nf6 4. Nf3 c5 5. cxd5 Nxd5 6. e4 Nxc3 7. bxc3 cxd4 8. cxd4 Bb4+ 9. Bd2 Bxd2+ 10. Qxd2 0-0 11. Be2 b6 12. Rd1 Bb7 13. d5 exd5 14. exd5 Nd7 15. 0-0 Re8 16. Bb5 Rc8 17. Nd4 Rc5 18. Bc6 Bxc6 19. Nxc6 Qc7 20. Ne7+ Kf8 21. d6 Qb7 22. Rfe1 Rd8 23. Qe2 Re5 24. Qc2 Rxe1+ 25. Rxe1 Nf6 26. Qc7 Rd7 27. Rc1 Ne8 28. Qxb7 Rxb7 29. Nc8 Rd7 30. Rd1 Rd8 31. Nxa7 Rxd6 32. Rb1 Rd2 33. a3 Ra2 34. Nb5 Nf6 35. h3 Ne4 36. Re1 Nc5 37. Re3 g6 38. Nd6 Ra1+ 39. Kh2 Rd1 40. Nc4 Rb1 41. Ne5 f5 42. Nc4 Kf7 43. Rc3 Ne4 44. Rc2 h5 45. f3 Nf6 46. Ne5+ Kg7 47. Rc7+ Kh6 48. Nf7+ Kg7 49. Ng5+ Kg8 50. Ne6 Re1 51. Rc8+ Kf7 52. Ng5+ Ke7 53. Rc6 h4 54. Rc7+ Ke8 55. Rc4 Nd5 56. Rxh4 Re2 57. Rh8+ Ke7 58. Rh7+ Kf8 59. Kg1 Nf4 60. Kf1 Ra2 61. g3 Nh5 62. g4 fxg4 63. hxg4 Ng7 64. Rh8+ Ke7 65. Rb8 Ne6 66. Nxe6 Rxa3 67. Ng5 1-0

[Event "CZE-chT2A 0809"]
[Site "Czech Republic"]
[Date "2009.02.22"]
[Round "9.1"]
[White "Vybiral, Zdenek"]
[Black "Trmal, Jaroslav"]
[Result "1-0"]
[WhiteElo "2218"]
[BlackElo "2286"]
[PlyCount "111"]
[EventDate "2008.10.12"]
[EventType "team-tourn"]
[EventRounds "11"]
[EventCountry "CZE"]
[SourceTitle "EXT 2010"]
[Source "ChessBase"]
[SourceDate "2010.11.25"]
[SourceVersion "1"]
[SourceVersionDate "2010.11.25"]
[SourceQuality "1"]
[WhiteTeam "Tabor Sokol"]
[BlackTeam "Pribram Pyrit"]
[WhiteTeamCountry "CZE"]
[BlackTeamCountry "CZE"]

1. d4 Nf6 2. c4 e6 3. Nc3 d5 4. cxd5 exd5 5. Bg5 c6 6. e3 Be7 7. Bd3 0-0 8. Qc2 Nbd7 9. Nge2 Re8 10. 0-0 h6 11. Bh4 Ne4 12. Bxe7 Qxe7 13. Rae1 Ndf6 14. f3 Nxc3 15. Nxc3 c5 16. dxc5 Qxc5 17. Nb5 Qxc2 18. Bxc2 Re7 19. Nc3 Bd7 20. Bb3 Bc6 21. Kf2 Rae8 22. Re2 Rd7 23. Rd1 Kf8 24. Red2 Red8 25. Rd4 b5 26. Ne2 a5 27. a3 Ne8 28. h4 Nc7 29. Rc1 Bb7 30. Rd2 Ne6 31. Nd4 Ba6 32. Rc6 Rd6 33. Rxd6 Rxd6 34. Nf5 Rd8 35. Rxd5 Rxd5 36. Bxd5 Nc7 37. Ba2 Bc8 38. Nd4 Bd7 39. e4 Ke7 40. Ke3 f6 41. Kd3 Kd6 42. Bg8 Na6 43. Nb3 Nc5+ 44. Kd4 Nxb3+ 45. Bxb3 g5 46. hxg5 hxg5 47. g3 Bh3 48. Bd5 Bd7 49. f4 gxf4 50. gxf4 Be8 51. e5+ fxe5+ 52. fxe5+ Kc7 53. Kc5 Bd7 54. b4 axb4 55. axb4 Be8 56. Be4 1-0

[Event "CZE-chT2A 0809"]
[Site "Czech Republic"]
[Date "2008.11.09"]
[Round "2.1"]
[White "Trmal, Jaroslav"]
[Black "Bostl, Frantisek"]
[Result "1-0"]
[WhiteElo "2286"]
[BlackElo "2200"]
[PlyCount "35"]
[EventDate "2008.10.12"]
[EventType "team-tourn"]
[EventRounds "11"]
[EventCountry "CZE"]
[SourceTitle "EXT 2010"]
[Source "ChessBase"]
[SourceDate "2010.11.25"]
[SourceVersion "1"]
[SourceVersionDate "2010.11.25"]
[SourceQuality "1"]
[WhiteTeam "Pribram Pyrit"]
[BlackTeam "Ceske Budejovice II"]
[WhiteTeamCountry "CZE"]
[BlackTeamCountry "CZE"]

1. d4 d5 2. Nf3 Nf6 3. Bf4 c6 4. e3 Bg4 5. c4 e6 6. Nbd2 Bb4 7. Qb3 Qa5 8. a3 c5 9. dxc5 Na6 10. Rc1 Bxd2+ 11. Nxd2 Ne4 12. Qb5+ Qxb5 13. cxb5 Naxc5 14. Nxe4 Nxe4 15. f3 g5 16. Bc7 Rc8 17. fxe4 Kd7 18. b6 1-0

[Event "CZE-chT2A 0809"]
[Site "Czech Republic"]
[Date "2008.10.12"]
[Round "1.1"]
[White "Novak, Michal"]
[Black "Trmal, Jaroslav"]
[Result "1-0"]
[WhiteElo "2249"]
[BlackElo "2286"]
[PlyCount "53"]
[EventDate "2008.10.12"]
[EventType "team-tourn"]
[EventRounds "11"]
[EventCountry "CZE"]
[SourceTitle "EXT 2010"]
[Source "ChessBase"]
[SourceDate "2010.11.25"]
[SourceVersion "1"]
[SourceVersionDate "2010.11.25"]
[SourceQuality "1"]
[WhiteTeam "Klatovy Sokol "]
[BlackTeam "Pribram Pyrit"]
[WhiteTeamCountry "CZE"]
[BlackTeamCountry "CZE"]

1. e4 e5 2. Nf3 Nc6 3. d4 exd4 4. Bc4 Bc5 5. c3 Nf6 6. 0-0 Nxe4 7. cxd4 d5 8. dxc5 dxc4 9. Qe2 Qd3 10. Re1 Qxe2 11. Rxe2 Bf5 12. g4 Bg6 13. Nc3 0-0-0 14. Nxe4 Rd1+ 15. Kg2 h5 16. g5 h4 17. h3 Bh5 18. Rd2 Bxf3+ 19. Kxf3 Rg1 20. b3 Ne5+ 21. Ke2 c3 22. Nxc3 Rxg5 23. Rd8+ Rxd8 24. Bxg5 f6 25. Be3 g5 26. Ne4 g4 27. Nxf6 1-0

[Event "Klatovy op-A"]
[Site "Klatovy"]
[Date "2007.07.01"]
[Round "2"]
[White "Sott, Pavel"]
[Black "Trmal, Jaroslav"]
[Result "1-0"]
[WhiteElo "2115"]
[BlackElo "2321"]
[PlyCount "55"]
[EventDate "2007.06.30"]
[EventType "swiss"]
[EventRounds "9"]
[EventCountry "CZE"]
[SourceTitle "CBM 119 Extra"]
[Source "ChessBase"]
[SourceDate "2007.09.04"]
[SourceVersion "1"]
[SourceVersionDate "2007.09.04"]
[SourceQuality "1"]

1. e4 e5 2. Nf3 Nc6 3. Bc4 Bc5 4. c3 Nf6 5. d4 exd4 6. cxd4 Bb4+ 7. Nc3 Nxe4 8. 0-0 Bxc3 9. d5 Bf6 10. Re1 Ne7 11. Rxe4 d6 12. Bg5 Bxg5 13. Nxg5 h6 14. Qe2 hxg5 15. Re1 Be6 16. dxe6 f6 17. Re3 d5 18. Rh3 Rf8 19. Bd3 Qd6 20. Qh5+ Kd8 21. Qf7 Rxf7 22. Rh8+ Ng8 23. exf7 Kd7 24. Rxg8 Rf8 25. Bf5+ Kc6 26. Rxf8 Qxf8 27. Bg6 Qb4 28. Re8 1-0

[Event "Czechia KP-chTA 0607"]
[Site "Czech Republic"]
[Date "2007.04.01"]
[Round "11.1"]
[White "Trmal, Jaroslav"]
[Black "Hadzala, Daniel"]
[Result "1-0"]
[WhiteElo "2280"]
[BlackElo "2141"]
[PlyCount "27"]
[EventDate "2006.10.29"]
[EventType "team"]
[EventRounds "11"]
[EventCountry "CZE"]
[SourceTitle "EXT 2008"]
[Source "ChessBase"]
[SourceDate "2007.11.25"]
[SourceVersion "1"]
[SourceVersionDate "2007.11.25"]
[SourceQuality "1"]
[WhiteTeam "Pribram II"]
[BlackTeam "Zebrak"]
[WhiteTeamCountry "CZE"]
[BlackTeamCountry "CZE"]

1. d4 Nf6 2. Nf3 d6 3. c4 Nbd7 4. Nc3 e5 5. e4 Be7 6. Be2 0-0 7. 0-0 c6 8. h3 Qc7 9. Be3 exd4 10. Qxd4 Re8 11. Rfe1 a5 12. Rad1 Nc5 13. Bf4 Bf8 14. Qxc5 1-0

[Event "Czechia KP-chTA 0607"]
[Site "Czech Republic"]
[Date "2007.02.18"]
[Round "8.1"]
[White "Vanka, Miloslav"]
[Black "Trmal, Jaroslav"]
[Result "1/2-1/2"]
[WhiteElo "2192"]
[BlackElo "2280"]
[PlyCount "88"]
[EventDate "2006.10.29"]
[EventType "team"]
[EventRounds "11"]
[EventCountry "CZE"]
[SourceTitle "EXT 2008"]
[Source "ChessBase"]
[SourceDate "2007.11.25"]
[SourceVersion "1"]
[SourceVersionDate "2007.11.25"]
[SourceQuality "1"]
[WhiteTeam "Uholicky"]
[BlackTeam "Pribram II"]
[WhiteTeamCountry "CZE"]
[BlackTeamCountry "CZE"]

1. f4 Nf6 2. Nf3 d5 3. e3 g6 4. d4 Bg7 5. Bd3 c5 6. c3 b6 7. 0-0 0-0 8. Qe2 Ne4 9. b3 a5 10. a4 Ba6 11. Bxa6 Nxa6 12. Bb2 Qc7 13. Nfd2 Nxd2 14. Nxd2 Qd7 15. Nf3 Nc7 16. Rfd1 cxd4 17. exd4 Ne8 18. c4 Nf6 19. Ne5 Qb7 20. Qf3 e6 21. Ba3 Rfd8 22. Rac1 Rac8 23. Bb2 Ne4 24. Qd3 Bf8 25. Rc2 Rc7 26. Rdc1 Rdc8 27. Qf3 f6 28. Nd3 f5 29. Qe3 Bd6 30. g3 Rc6 31. Ne5 Bxe5 32. dxe5 dxc4 33. Rxc4 Rxc4 34. bxc4 Qc6 35. Bd4 Nc5 36. Bxc5 bxc5 37. Qd3 Qxa4 38. Qd6 Qe8 39. Rb1 a4 40. Rb7 a3 41. Qa6 Ra8 42. Ra7 Rxa7 43. Qxa7 Qc6 44. Qxa3 Qe4 1/2-1/2

[Event "CZE-chT2a 0607"]
[Site "Czech Republic"]
[Date "2007.02.11"]
[Round "7.1"]
[White "Vybiral, Zdenek"]
[Black "Trmal, Jaroslav"]
[Result "0-1"]
[WhiteElo "2178"]
[BlackElo "2318"]
[PlyCount "72"]
[EventDate "2006.10.15"]
[EventType "team"]
[EventRounds "11"]
[EventCountry "CZE"]
[SourceTitle "EXT 2009"]
[Source "ChessBase"]
[SourceDate "2008.11.26"]
[SourceVersion "1"]
[SourceVersionDate "2008.11.26"]
[SourceQuality "1"]
[WhiteTeam "Tabor II"]
[BlackTeam "Pribram Alva"]
[WhiteTeamCountry "CZE"]
[BlackTeamCountry "CZE"]

1. d4 Nf6 2. Nf3 b6 3. c4 e6 4. g3 Bb4+ 5. Nbd2 0-0 6. Bg2 Bb7 7. 0-0 d5 8. Ne5 Nbd7 9. Ndf3 dxc4 10. Qa4 Bd6 11. Nxc4 Be7 12. Bf4 a6 13. Qc2 Be4 14. Qb3 Nd5 15. Bd2 c5 16. Nfe5 Bxg2 17. Nc6 Bxf1 18. Nxd8 Bxe2 19. Nc6 Bf6 20. N4e5 Bxe5 21. Nxe5 Nxe5 22. dxe5 c4 23. Qc2 Bd3 24. Qd1 b5 25. Qg4 Rfc8 26. Bh6 Bg6 27. Bd2 b4 28. h4 c3 29. bxc3 bxc3 30. Bc1 h5 31. Qa4 c2 32. Bd2 Nc3 33. Bxc3 Rxc3 34. Rc1 Rb8 35. Qxa6 Rb1 36. Qf1 Ra3 0-1